| 000 | 00509cam a2200193ua 4500 | ||
|---|---|---|---|
| 001 | 15022 | ||
| 008 | 161026n II |||gr||||Z||||||eng | ||
| 040 | _aMAIN | ||
| 041 | _aEnglish | ||
| 082 | _a820 DAI | ||
| 100 | _aDAICHES , DAVID . | ||
| 245 | _aA CRITICAL HISTORY OF ENGLISH LITERATURE | ||
| 250 | _aRev. | ||
| 260 |
_aNEW DELHI: _bRANDOM HOUSE PUBLICATION, _c1994. |
||
| 300 |
_a534.: _c23CM. |
||
| 653 | _aEnglish.& Old English literatures | ||
| 700 |
_aDAICHES , DAVID ., _eAUTHOR. |
||
| 942 | _cBK | ||
| 999 |
_c14907 _d14907 |
||